00297pab a2200121 454500008004000000100001900040245004500059260000900104300001100113362000900124650002000133773002200153180718b1983 xxu||||| |||| 00| 0 eng d aMorriss, Peter aHow capitalism infringes property rights c1983 a656-61 aDec. aCivil Liberties aPolitical Studies